| 000 | 01506nam a2200373 a 4500 | ||
|---|---|---|---|
| 001 | ebr5000423 | ||
| 003 | CaPaEBR | ||
| 006 | m u | ||
| 007 | cr cn||||||||| | ||
| 008 | 971028s1998 hiuab sb 001 0 eng | ||
| 010 | _z 97046014 | ||
| 020 | _z0824819667 (cloth : alk. paper) | ||
| 020 | _z0824820304 (pbk. : alk. paper) | ||
| 040 |
_aCaPaEBR _cCaPaEBR |
||
| 035 | _a(OCoLC)50171605 | ||
| 050 | 1 | 4 |
_aDS855 _b.F37 1998eb |
| 082 | 0 | 4 |
_a952/.01 _221 |
| 100 | 1 | _aFarris, William Wayne. | |
| 245 | 1 | 0 |
_aSacred texts and buried treasures _h[electronic resource] : _bissues in the historical archaeology of ancient Japan / _cWilliam Wayne Farris. |
| 260 |
_aHonolulu : _bUniversity of Hawai'i Press, _cc1998. |
||
| 300 |
_aix, 333 p. : _bill., maps. |
||
| 504 | _aIncludes bibliographical references (p. 301-322) and index. | ||
| 533 |
_aElectronic reproduction. _bPalo Alto, Calif. : _cebrary, _d2013. _nAvailable via World Wide Web. _nAccess may be limited to ebrary affiliated libraries. |
||
| 650 | 0 | _aInscriptions, Japanese. | |
| 650 | 0 |
_aWooden tablets _zJapan _xHistory. |
|
| 651 | 0 |
_aJapan _xHistory _yTo 794. |
|
| 651 | 0 |
_aJapan _xRelations _zKorea. |
|
| 651 | 0 |
_aKorea _xRelations _zJapan. |
|
| 651 | 0 |
_aJapan _xCapital and capitol _xHistory. |
|
| 651 | 0 |
_aJapan _xAntiquities. |
|
| 655 | 7 |
_aElectronic books. _2local |
|
| 710 | 2 | _aebrary, Inc. | |
| 856 | 4 | 0 |
_uhttp://site.ebrary.com/lib/rucke/Doc?id=5000423 _zAn electronic book accessible through the World Wide Web; click to view |
| 999 |
_c2804 _d2804 |
||